Les pratiques funéraires en Gaule lyonnaise de l'époque augustéenne à la fin du 3e siècle /

This volume gives an overview of Roman burial practices in the Gallia Lugdunensis province during the Early Roman Empire, focussing on grave treatment and grave furnishing, the structure of the tombs and the selection and treatment of grave goods and human remains.

محفوظ في:

المؤلف الرئيسي: Márton, András (مؤلف)

التنسيق: كتاب الكتروني

اللغة: French

منشور في: Oxford : Archaeopress Publishing Ltd., 2021.

سلاسل: Archaeopress Roman archaeology ; 81.

الموضوعات:

الوصول للمادة أونلاين: Login to view Source

الوسوم: إضافة وسم

لا توجد وسوم, كن أول من يضع وسما على هذه التسجيلة!

رقم الطلب: GT3249.A2

LEADER 02176nam a2200481 i 4500
001 EDZ0002556740
003 StDuBDS
005 20230412183001.0
006 m|||||o||d||||||||
007 cr |||||||||||
008 210614s2021 enkab fob 000|0|fre|d
020 |a 9781789698084 (PDF ebook) :  |c No price 
040 |a StDuBDS  |b eng  |c StDuBDS  |e rda  |e pn 
041 0 |a fre  |b eng 
050 4 |a GT3249.A2 
082 0 4 |a 936.4  |2 23 
100 1 |a Márton, András,  |e author. 
245 1 4 |a Les pratiques funéraires en Gaule lyonnaise de l'époque augustéenne à la fin du 3e siècle /  |c András Márton. 
264 1 |a Oxford :  |b Archaeopress Publishing Ltd.,  |c 2021. 
300 |a 1 online resource (482 pages) :  |b illustrations (black and white), maps (black and white). 
336 |a text  |2 rdacontent 
336 |a still image  |2 rdacontent 
336 |a cartographic image  |2 rdacontent 
337 |a computer  |2 rdamedia 
338 |a online resource  |2 rdacarrier 
490 1 |a Archaeopress Roman archaeology ;  |v 81 
500 |a Also issued in print: 2021. 
504 |a Includes bibliographical references. 
520 8 |a This volume gives an overview of Roman burial practices in the Gallia Lugdunensis province during the Early Roman Empire, focussing on grave treatment and grave furnishing, the structure of the tombs and the selection and treatment of grave goods and human remains. 
521 |a Specialized. 
546 |a Text in French with a summary in English. 
588 |a Description based on online resource; title from PDF title page (viewed on September 13, 2021). 
650 0 |a Burial  |z France  |x History  |y To 1500. 
650 0 |a Funeral rites and ceremonies  |z France  |x History  |y To 1500. 
651 0 |a France  |x Antiquities, Roman. 
651 0 |a Gaul  |x History. 
651 0 |a France  |x History  |y To 987. 
776 0 8 |i Print version :  |z 9781789698077 
830 0 |a Archaeopress Roman archaeology ;  |v 81. 
856 4 0 |3 Archaeopress  |u http://library.arce.org:8087/Archaeopress/Products/9781789698077 
942 |2 lcc  |c EBOOK 
952 |0 0  |1 0  |4 0  |6 GT3249 A2  |7 1  |9 46778  |a ARCH  |b ARCH  |d 2023-04-12  |l 0  |o GT3249.A2  |r 2023-04-12 00:00:00  |w 2023-04-12  |y EBOOK 
999 |c 52436  |d 52436